[Event "Milan SSM op"]
[Site "Milan"]
[Date "2013.07.04"]
[Round "1"]
[White "Papale, Carmelo"]
[Black "Montani, Francesco"]
[Result "1-0"]
[WhiteElo "1849"]
[BlackElo "2195"]
[PlyCount "55"]
[EventDate "2013.07.04"]
[EventType "swiss"]
[EventRounds "5"]
[EventCountry "ITA"]
[SourceTitle "EXT 2015"]
[Source "ChessBase"]
[SourceDate "2014.11.20"]
[SourceVersion "1"]
[SourceVersionDate "2014.11.20"]
[SourceQuality "1"]

1. e4 c5 2. Nf3 e6 3. d3 Nc6 4. g3 d5 5. Nbd2 Bd6 6. Bg2 Nge7 7. 0-0 Qc7 8. Re1 Bd7 9. Qe2 f6 10. c3 0-0-0 11. a3 h5 12. d4 cxd4 13. cxd4 h4 14. e5 fxe5 15. dxe5 Bc5 16. Nb3 Bb6 17. Bg5 hxg3 18. hxg3 Rdf8 19. Rac1 Nf5 20. Nc5 Kb8 21. b4 Bc8 22. Qd3 Qf7 23. Rc2 Qh5 24. Rec1 Nxe5 25. Bf4 Bc7 26. Nxe5 Nxg3 27. Qxg3 Rxf4 28. Ncd7+ 1-0

[Event "Milan Molinari Memorial 6th"]
[Site "Milan"]
[Date "2012.10.28"]
[Round "5"]
[White "Montani, Francesco"]
[Black "Gongalov, Bojan"]
[Result "0-1"]
[WhiteElo "2232"]
[BlackElo "2089"]
[PlyCount "70"]
[EventDate "2012.10.24"]
[EventType "swiss"]
[EventRounds "6"]
[EventCountry "ITA"]
[SourceTitle "EXT 2014"]
[Source "ChessBase"]
[SourceDate "2013.11.20"]
[SourceVersion "1"]
[SourceVersionDate "2013.11.20"]
[SourceQuality "1"]

1. d4 Nf6 2. Bg5 c5 3. Bxf6 gxf6 4. d5 Qb6 5. Qc1 Bh6 6. e3 d6 7. g3 Na6 8. Bg2 Bf5 9. a3 Nc7 10. Ne2 Qa6 11. Nbc3 b5 12. 0-0 Qc8 13. Re1 Qd7 14. Qd2 0-0 15. b4 a5 16. bxc5 dxc5 17. d6 Ra6 18. Ne4 Bxe4 19. Bxe4 Qxd6 20. Qc3 Qe5 21. Qd3 Rd6 22. Bxh7+ Kh8 23. Qe4 Rfd8 24. a4 Rd2 25. Qxe5 fxe5 26. Be4 b4 27. c4 Ne8 28. Nc1 Nf6 29. Bc6 Rb2 30. Ra2 Rxa2 31. Nxa2 Rd6 32. Bf3 Rd3 33. Nc1 Rc3 34. Be2 e4 35. Kg2 b3 0-1

[Event "Bratto op 32nd"]
[Site "Bratto"]
[Date "2012.08.23"]
[Round "6"]
[White "Satyapragyan, Swayangsu"]
[Black "Montani, Francesco"]
[Result "1-0"]
[WhiteElo "2435"]
[BlackElo "2214"]
[PlyCount "55"]
[EventDate "2012.08.18"]
[EventType "swiss"]
[EventRounds "9"]
[EventCountry "ITA"]
[SourceTitle "CBM 150 Extra"]
[Source "ChessBase"]
[SourceDate "2012.10.19"]
[SourceVersion "1"]
[SourceVersionDate "2012.10.19"]
[SourceQuality "1"]

1. e4 e5 2. Nf3 Nc6 3. Bb5 Bc5 4. 0-0 d6 5. c3 Bd7 6. d4 Bb6 7. Re1 Nf6 8. Na3 a6 9. Bxc6 Bxc6 10. Nc4 h6 11. dxe5 Nxe4 12. Nxb6 cxb6 13. exd6 0-0 14. Bf4 Qf6 15. Be5 Qg6 16. Qc2 Qf5 17. Bxg7 Kxg7 18. Nd4 Qxf2+ 19. Qxf2 Nxf2 20. Kxf2 Kf6 21. Nxc6 bxc6 22. d7 Rfd8 23. Rad1 Ra7 24. Rd6+ Kg7 25. Red1 Rc7 26. Kf3 a5 27. c4 Kf8 28. Kg4 1-0

[Event "Bratto op 32nd"]
[Site "Bratto"]
[Date "2012.08.20"]
[Round "3"]
[White "Mirzoev, Azer"]
[Black "Montani, Francesco"]
[Result "1-0"]
[WhiteElo "2545"]
[BlackElo "2214"]
[PlyCount "105"]
[EventDate "2012.08.18"]
[EventType "swiss"]
[EventRounds "9"]
[EventCountry "ITA"]
[SourceTitle "CBM 150 Extra"]
[Source "ChessBase"]
[SourceDate "2012.10.19"]
[SourceVersion "1"]
[SourceVersionDate "2012.10.19"]
[SourceQuality "1"]

1. d4 Nf6 2. Nf3 e6 3. c4 Bb4+ 4. Nbd2 b6 5. a3 Bxd2+ 6. Qxd2 Bb7 7. g3 0-0 8. Bg2 d6 9. 0-0 a5 10. b3 Nbd7 11. Rd1 Be4 12. Bb2 Qe7 13. Bf1 Rfd8 14. Ne1 d5 15. f3 Bg6 16. cxd5 exd5 17. Rac1 c5 18. a4 cxd4 19. Bxd4 Nc5 20. Rc3 Rab8 21. Ng2 Ne6 22. e3 Nd7 23. Nf4 Nxf4 24. exf4 Qb4 25. g4 f6 26. Kg2 Bf7 27. f5 h6 28. h4 Rbc8 29. Rxc8 Rxc8 30. Qxb4 axb4 31. Bd3 Kf8 32. Rd2 Rc1 33. Bc2 Re1 34. Bf2 Rc1 35. Bd4 Re1 36. Bd1 Re8 37. Kf2 Ke7 38. Re2+ Kd6 39. Rxe8 Bxe8 40. Ke3 Nc5 41. Bc2 Bc6 42. g5 hxg5 43. hxg5 Nd7 44. f4 Bb7 45. Bd3 Nc5 46. Bc2 Nd7 47. Bd1 Ba6 48. Bh5 Nc5 49. gxf6 gxf6 50. Bxf6 Nxb3 51. Be5+ Kd7 52. f6 d4+ 53. Kf2 1-0

[Event "Milan SSM op"]
[Site "Milan"]
[Date "2012.07.29"]
[Round "3"]
[White "Bisignano, Giuseppe"]
[Black "Montani, Francesco"]
[Result "0-1"]
[WhiteElo "1891"]
[BlackElo "2214"]
[PlyCount "72"]
[EventDate "2012.07.27"]
[EventType "swiss"]
[EventRounds "7"]
[EventCountry "ITA"]
[SourceTitle "EXT 2014"]
[Source "ChessBase"]
[SourceDate "2013.11.20"]
[SourceVersion "1"]
[SourceVersionDate "2013.11.20"]
[SourceQuality "1"]

1. e4 c5 2. Nf3 Nc6 3. d4 cxd4 4. Nxd4 Nf6 5. Nc3 d6 6. Bc4 Qb6 7. Nb3 e6 8. Be3 Qc7 9. 0-0 a6 10. f4 b5 11. Bd3 Bb7 12. a3 Be7 13. Qe2 0-0 14. Rae1 Rfe8 15. g4 Nd7 16. Qf2 b4 17. axb4 Nxb4 18. Bd4 Bf8 19. f5 e5 20. Be3 d5 21. exd5 Nf6 22. Bb6 Qb8 23. Na5 Nbxd5 24. Nxb7 Qxb7 25. Nxd5 Nxd5 26. Be3 Nxe3 27. Qxe3 Qxb2 28. Ra1 Qc3 29. Qe4 a5 30. Ra4 Bb4 31. f6 g6 32. g5 Rad8 33. Kg2 Rd4 34. Qe2 Qc6+ 35. Kg1 Bc5 36. Rf3 Rg4+ 0-1

[Event "Milan op 02"]
[Site "Milan"]
[Date "2012.02.19"]
[Round "6"]
[White "Montani, Francesco"]
[Black "Brociner, Beniamino"]
[Result "1-0"]
[WhiteElo "2209"]
[BlackElo "1951"]
[PlyCount "93"]
[EventDate "2012.02.15"]
[EventType "swiss"]
[EventRounds "6"]
[EventCountry "ITA"]
[SourceTitle "EXT 2014"]
[Source "ChessBase"]
[SourceDate "2013.11.20"]
[SourceVersion "1"]
[SourceVersionDate "2013.11.20"]
[SourceQuality "1"]

1. e4 c5 2. Nc3 e6 3. Nf3 Nf6 4. e5 Nd5 5. Ne4 Qc7 6. b3 d6 7. Bb2 dxe5 8. Nxe5 f6 9. Bb5+ Nc6 10. Qh5+ g6 11. Bxc6+ bxc6 12. Nxg6 Qf7 13. c4 Qxg6 14. Qxg6+ hxg6 15. cxd5 cxd5 16. Nxf6+ Kf7 17. Nxd5 Rg8 18. Ne3 Ba6 19. Nc4 Bh6 20. f4 Ke7 21. 0-0 Raf8 22. Ba3 Rf5 23. d4 Bxf4 24. Bxc5+ Kd7 25. g3 Bb8 26. Rad1 Bb7 27. Ne3 Rh5 28. Rf7+ Kc6 29. Rc1 Ba8 30. Bxa7+ Kb5 31. Rc5+ Rxc5 32. Bxc5 e5 33. a4+ Kc6 34. b4 exd4 35. Bxd4 Rd8 36. b5+ Kd6 37. b6 Kc6 38. Rf6+ Kb7 39. Nc2 Ka6 40. Kf2 Be4 41. Nb4+ Ka5 42. Bc3 Kxa4 43. Ke3 Bf5 44. Nc6 Rd3+ 45. Ke2 Bxg3 46. hxg3 Rxc3 47. b7 1-0

[Event "Milan op 01"]
[Site "Milan"]
[Date "2012.01.06"]
[Round "6"]
[White "Bemporad, Filippo"]
[Black "Montani, Francesco"]
[Result "1-0"]
[WhiteElo "2055"]
[BlackElo "2209"]
[PlyCount "91"]
[EventDate "2012.01.02"]
[EventType "swiss"]
[EventRounds "9"]
[EventCountry "ITA"]
[SourceTitle "EXT 2014"]
[Source "ChessBase"]
[SourceDate "2013.11.20"]
[SourceVersion "1"]
[SourceVersionDate "2013.11.20"]
[SourceQuality "1"]

1. d4 d5 2. Nf3 Nf6 3. g3 Bg4 4. Bg2 Nbd7 5. 0-0 e6 6. b3 Bd6 7. Bb2 0-0 8. c4 c6 9. Nbd2 Qb8 10. Re1 e5 11. cxd5 Nxd5 12. dxe5 Nxe5 13. Ne4 Bc7 14. Qd4 Re8 15. Nc3 Nf6 16. Na4 Rd8 17. Qc5 Bxf3 18. Bxf3 Nxf3+ 19. exf3 Rd5 20. Qe7 Bd6 21. Qe2 Qf8 22. Nc3 Re8 23. Nxd5 Rxe2 24. Nxf6+ gxf6 25. Rxe2 Be5 26. Bxe5 fxe5 27. Rxe5 Qa3 28. Re2 a5 29. Rd1 a4 30. Rd3 b5 31. Kg2 c5 32. h4 Kg7 33. Rd7 axb3 34. Ree7 c4 35. Rxf7+ Kg6 36. axb3 c3 37. Rfe7 Kf6 38. Re2 Qc5 39. Rd1 h5 40. Rc2 b4 41. Re2 Qa7 42. Re4 Qa3 43. Rd6+ Kf7 44. Rc4 Qxb3 45. Rc7+ Ke8 46. Rh6 1-0

[Event "Milan Crespi op-A 32nd"]
[Site "Milan"]
[Date "2011.12.06"]
[Round "4"]
[White "Montani, Francesco"]
[Black "David, Alberto"]
[Result "0-1"]
[WhiteElo "2245"]
[BlackElo "2597"]
[PlyCount "92"]
[EventDate "2011.12.03"]
[EventType "swiss"]
[EventRounds "9"]
[EventCountry "ITA"]
[SourceTitle "CBM 145 Extra"]
[Source "ChessBase"]
[SourceDate "2012.01.03"]
[SourceVersion "1"]
[SourceVersionDate "2012.01.03"]
[SourceQuality "1"]

1. e4 c5 2. Nc3 e6 3. Nf3 a6 4. g3 b5 5. Bg2 Bb7 6. d3 d6 7. 0-0 Nf6 8. Ne1 d5 9. exd5 exd5 10. Bg5 Be7 11. Bxf6 Bxf6 12. Qf3 Bxc3 13. bxc3 0-0 14. c4 Nd7 15. cxd5 b4 16. Rb1 Nb6 17. a3 Bxd5 18. Qe3 Qc7 19. axb4 Bxg2 20. Nxg2 cxb4 21. c4 Rfe8 22. Qg5 a5 23. Rfe1 Nd7 24. Ne3 Ne5 25. Qf5 Qc8 26. Qe4 Nc6 27. Qf4 Qb8 28. Qg5 Qd8 29. Qc5 Ne5 30. Red1 Rc8 31. Qa7 Re7 32. Qa6 Re6 33. Qa7 Re7 34. Qa6 Nf3+ 35. Kg2 Nd4 36. Nd5 Re5 37. Re1 Rxd5 38. cxd5 Qxd5+ 39. Re4 Rd8 40. Qc4 f5 41. Qxd5+ Rxd5 42. Re7 b3 43. Rb7 h5 44. Re1 Rb5 45. Rc7 b2 46. Ree7 Ne6 0-1

[Event "Bratto op 31st"]
[Site "Bratto"]
[Date "2011.08.28"]
[Round "9"]
[White "De Santis, Alessio"]
[Black "Montani, Francesco"]
[Result "1-0"]
[WhiteElo "2305"]
[BlackElo "2218"]
[PlyCount "65"]
[EventDate "2011.08.20"]
[EventType "swiss"]
[EventRounds "9"]
[EventCountry "ITA"]
[SourceTitle "EXT 2022"]
[Source "ChessBase"]
[SourceDate "2021.10.06"]
[SourceVersion "1"]
[SourceVersionDate "2021.10.06"]
[SourceQuality "1"]

1. d4 Nf6 2. c4 c5 3. d5 a6 4. a4 e5 5. Nc3 d6 6. e4 g6 7. Be2 Bg7 8. h4 h5 9. Nf3 Nbd7 10. Ng5 Nf8 11. Be3 Ng8 12. a5 f6 13. Nh3 Bh6 14. Qd2 Bxe3 15. Qxe3 Nh6 16. f3 Rb8 17. Nf2 b6 18. axb6 Rxb6 19. Nd3 Kf7 20. Kd2 Kg7 21. Rhb1 a5 22. Rxa5 Rxb2+ 23. Rxb2 Qxa5 24. Ra2 Qb6 25. Nb5 Nd7 26. Ra7 Nf7 27. Nb2 Rd8 28. Na4 Qb8 29. Qc3 Nb6 30. Qa5 Nxa4 31. Rxf7+ Kxf7 32. Qxd8 Qb6 33. Qxc8 1-0

[Event "Presolana op 31st"]
[Site "Presolana"]
[Date "2011.08.25"]
[Round "6"]
[White "Montani, Francesco"]
[Black "Smith, Bryan G"]
[Result "1/2-1/2"]
[WhiteElo "2218"]
[BlackElo "2503"]
[PlyCount "109"]
[EventDate "2011.08.20"]
[EventType "swiss"]
[EventRounds "9"]
[EventCountry "ITA"]
[SourceTitle "CBM 144 Extra"]
[Source "ChessBase"]
[SourceDate "2011.10.28"]
[SourceVersion "1"]
[SourceVersionDate "2011.10.28"]
[SourceQuality "1"]

1. Nf3 g6 2. d4 Nf6 3. Bf4 Bg7 4. e3 0-0 5. Be2 c5 6. c3 d6 7. 0-0 Nh5 8. Bg5 h6 9. Bh4 g5 10. Nfd2 gxh4 11. Bxh5 cxd4 12. cxd4 e5 13. d5 f5 14. e4 Qg5 15. Nc3 Na6 16. exf5 Bxf5 17. Nde4 Qe7 18. Re1 Nc7 19. Rc1 Kh8 20. h3 Bh7 21. Qb3 b5 22. Bf3 Rab8 23. Qb4 Rb6 24. a4 Na6 25. Qa5 b4 26. Nb5 Bxe4 27. Bxe4 Nc5 28. Qxa7 Rb7 29. Qa5 Nb3 30. Qxb4 Nxc1 31. Rxc1 Qg5 32. Qc3 Rbf7 33. Rf1 Rf4 34. f3 Qd8 35. a5 Qb8 36. Qd3 R4f7 37. Qe2 Rb7 38. Bd3 Rxb5 39. Bxb5 Qa7+ 40. Kh1 Qxa5 41. Bc4 Rf4 42. b3 Rd4 43. f4 e4 44. f5 Qd8 45. Qh5 Qf6 46. Qe8+ Kh7 47. Qe6 Bh8 48. Ra1 Bg7 49. Kg1 Rd2 50. Re1 Qd4+ 51. Kh2 Rd1 52. Qg6+ Kh8 53. Qe8+ Kh7 54. Qg6+ Kh8 55. Qe8+ 1/2-1/2

[Event "Presolana op 31st"]
[Site "Presolana"]
[Date "2011.08.24"]
[Round "5"]
[White "Sertic, Rudolf"]
[Black "Montani, Francesco"]
[Result "1-0"]
[WhiteElo "2406"]
[BlackElo "2218"]
[PlyCount "69"]
[EventDate "2011.08.20"]
[EventType "swiss"]
[EventRounds "9"]
[EventCountry "ITA"]
[SourceTitle "CBM 144 Extra"]
[Source "ChessBase"]
[SourceDate "2011.10.28"]
[SourceVersion "1"]
[SourceVersionDate "2011.10.28"]
[SourceQuality "1"]

1. c4 c6 2. e4 e5 3. Nf3 d6 4. d4 Nd7 5. Nc3 Be7 6. Be2 Ngf6 7. 0-0 Qc7 8. a3 0-0 9. b4 Re8 10. d5 a6 11. Qb3 c5 12. Be3 b6 13. Ne1 h6 14. Nd3 Nh7 15. g3 Ndf6 16. f3 Bd7 17. Nf2 Nf8 18. Kh1 Ng6 19. Rg1 Nh5 20. Bd2 Bg5 21. Bxg5 hxg5 22. f4 Nhxf4 23. gxf4 gxf4 24. b5 Qd8 25. Bg4 Nf8 26. Bxd7 Nxd7 27. bxa6 Rxa6 28. Nb5 Nf6 29. Qh3 Nh7 30. Qh6 g6 31. Rg4 Nf8 32. Rag1 Ra4 33. Rh4 Qf6 34. Nxd6 Rd8 35. Nf5 1-0

[Event "Bratto op 31st"]
[Site "Bratto"]
[Date "2011.08.22"]
[Round "3"]
[White "Krzyzanowski, Marcin"]
[Black "Montani, Francesco"]
[Result "1/2-1/2"]
[WhiteElo "2370"]
[BlackElo "2218"]
[PlyCount "134"]
[EventDate "2011.08.20"]
[EventType "swiss"]
[EventRounds "9"]
[EventCountry "ITA"]
[SourceTitle "EXT 2022"]
[Source "ChessBase"]
[SourceDate "2021.10.06"]
[SourceVersion "1"]
[SourceVersionDate "2021.10.06"]
[SourceQuality "1"]

1. e4 c5 2. Nf3 e6 3. c3 Nf6 4. e5 Nd5 5. d4 cxd4 6. cxd4 d6 7. a3 Nc6 8. Bd3 dxe5 9. dxe5 Be7 10. 0-0 0-0 11. Qe2 Qc7 12. Bd2 Bd7 13. Nc3 Nxc3 14. Bxc3 Rfd8 15. Qe4 g6 16. Qe3 Be8 17. Rac1 Bf8 18. Bb1 Bg7 19. Bb4 Qb6 20. Qxb6 axb6 21. Bd6 Bf8 22. Bxf8 Kxf8 23. Rfe1 Ra5 24. Re3 Nd4 25. Ng5 h6 26. Nh7+ Ke7 27. b4 Raa8 28. Nf6 Bc6 29. h4 Rxa3 30. Rxa3 Ne2+ 31. Kh2 Nxc1 32. b5 Bxb5 33. Rc3 Nd3 34. Rc7+ Kf8 35. Bxd3 Bxd3 36. Rxb7 b5 37. f4 Kg7 38. g4 Rc8 39. g5 hxg5 40. hxg5 Kf8 41. Kg3 Rd8 42. Kf2 Kg7 43. Ke1 Kf8 44. Rb6 Ke7 45. Rb7+ Kf8 46. Rc7 Kg7 47. Kf2 Kf8 48. Nd7+ Ke8 49. Nc5 Bf5 50. Nb7 Rd4 51. Nd6+ Kd8 52. Rb7 b4 53. Ke3 Rd3+ 54. Ke2 Rb3 55. Nxf7+ Ke8 56. Nd6+ Kf8 57. Rb8+ Ke7 58. Rb7+ Kd8 59. Nxf5 exf5 60. Kd2 Ke8 61. Rb6 Kf7 62. Rf6+ Kg7 63. e6 Rb2+ 64. Kd3 Rb1 65. Rf7+ Kg8 66. Rb7 Re1 67. Rb8+ Kg7 1/2-1/2

[Event "Bratto op 31st"]
[Site "Bratto"]
[Date "2011.08.21"]
[Round "2"]
[White "Montani, Francesco"]
[Black "Cugini, Verter"]
[Result "1-0"]
[WhiteElo "2218"]
[BlackElo "2053"]
[PlyCount "69"]
[EventDate "2011.08.20"]
[EventType "swiss"]
[EventRounds "9"]
[EventCountry "ITA"]
[SourceTitle "EXT 2022"]
[Source "ChessBase"]
[SourceDate "2021.10.06"]
[SourceVersion "1"]
[SourceVersionDate "2021.10.06"]
[SourceQuality "1"]

1. Nf3 g6 2. c4 Bg7 3. Nc3 e5 4. g3 Ne7 5. Bg2 c5 6. 0-0 Nbc6 7. d3 d5 8. cxd5 Nxd5 9. Nxe5 Nxc3 10. Nxc6 Nxd1 11. Nxd8 Nxb2 12. Nxb7 Bxb7 13. Bxb7 Rb8 14. Bc6+ Ke7 15. Rb1 Rb6 16. Bf3 Rc8 17. Be3 Bd4 18. Bxd4 cxd4 19. Rfc1 Rxc1+ 20. Rxc1 Rd6 21. Bc6 a5 22. a4 Nd1 23. Rc4 g5 24. Bf3 f5 25. g4 fxg4 26. Bxg4 Rf6 27. Rxd4 Nxf2 28. Bf3 Nh3+ 29. Kg2 Nf4+ 30. Kg3 Rb6 31. e3 Ne6 32. Rd5 Rb3 33. Be4 h5 34. Rxa5 Ra3 35. h4 1-0

[Event "Melegnano op 3rd"]
[Site "Melegnano"]
[Date "2004.02.15"]
[Round "5"]
[White "Montani, Francesco"]
[Black "Aranovitch, Emiliano"]
[Result "0-1"]
[WhiteElo "2201"]
[BlackElo "2300"]
[PlyCount "46"]
[EventDate "2004.02.13"]
[EventType "swiss"]
[EventRounds "5"]
[EventCountry "ITA"]
[SourceTitle "EXT 2008"]
[Source "ChessBase"]
[SourceDate "2007.11.25"]
[SourceVersion "1"]
[SourceVersionDate "2007.11.25"]
[SourceQuality "1"]

1. d4 Nf6 2. c4 c5 3. d5 g6 4. Nc3 Bg7 5. e4 0-0 6. Bd3 d6 7. Nge2 e6 8. 0-0 exd5 9. cxd5 Nh5 10. Nf4 Nxf4 11. Bxf4 Qe7 12. Qd2 a6 13. a4 Nd7 14. Bh6 Bxh6 15. Qxh6 Ne5 16. Be2 f5 17. exf5 Bxf5 18. Qd2 c4 19. f4 Nd3 20. Bxd3 cxd3 21. h3 Bd7 22. g4 Rf7 23. Qxd3 Raf8 0-1

[Event "Bresso op 3rd"]
[Site "Bresso"]
[Date "2003.06.08"]
[Round "5"]
[White "Brunelli, Giovanni"]
[Black "Montani, Francesco"]
[Result "0-1"]
[WhiteElo "1729"]
[BlackElo "2219"]
[PlyCount "64"]
[EventDate "2003.06.05"]
[EventType "swiss"]
[EventRounds "6"]
[EventCountry "ITA"]
[SourceTitle "EXT 2024"]
[Source "ChessBase"]
[SourceDate "2023.10.10"]
[SourceVersion "1"]
[SourceVersionDate "2023.10.10"]
[SourceQuality "1"]

1. e4 c5 2. Nf3 e6 3. d4 cxd4 4. Nxd4 a6 5. c4 Nf6 6. Nc3 d6 7. Be2 b6 8. 0-0 Bb7 9. Qa4+ Nbd7 10. Bd3 Qc7 11. Be3 Be7 12. h3 0-0 13. Rac1 Rac8 14. f4 Nc5 15. Qd1 Nfxe4 16. Nxe4 Bxe4 17. Bxe4 Nxe4 18. Qf3 Qb7 19. f5 e5 20. Ne2 b5 21. Ng3 Nc5 22. Qg4 f6 23. h4 bxc4 24. Rxc4 d5 25. Rb4 Qd7 26. Nh5 Rf7 27. Bh6 Bf8 28. Kh1 Ne4 29. Rb6 Rc4 30. Kh2 Nd2 31. Qe2 Nxf1+ 32. Qxf1 Rxh4+ 0-1

[Event "Bresso op 3rd"]
[Site "Bresso"]
[Date "2003.06.08"]
[Round "6"]
[White "Montani, Francesco"]
[Black "Rossi, Giampiero"]
[Result "0-1"]
[WhiteElo "2219"]
[BlackElo "2052"]
[PlyCount "137"]
[EventDate "2003.06.05"]
[EventType "swiss"]
[EventRounds "6"]
[EventCountry "ITA"]
[SourceTitle "EXT 2024"]
[Source "ChessBase"]
[SourceDate "2023.10.10"]
[SourceVersion "1"]
[SourceVersionDate "2023.10.10"]
[SourceQuality "1"]

1. d4 d5 2. Bg5 c6 3. e3 h6 4. Bh4 Qb6 5. Qc1 Bf5 6. Nf3 e6 7. Be2 Nd7 8. 0-0 Ngf6 9. c4 Be7 10. Nc3 0-0 11. h3 Rfc8 12. c5 Qd8 13. Bg3 b5 14. b4 a5 15. a3 axb4 16. axb4 Rxa1 17. Qxa1 Ra8 18. Qb2 Qc8 19. Ra1 Bd8 20. Ra3 Rxa3 21. Qxa3 Qb7 22. Nd2 Ne8 23. Qa2 Bc7 24. Bxc7 Nxc7 25. Qa5 e5 26. Bg4 Bxg4 27. hxg4 exd4 28. exd4 Ne6 29. Ne2 Nb8 30. Qa3 Qa6 31. Qg3 Qa1+ 32. Kh2 Na6 33. Nf3 Qb2 34. Qe5 Nxb4 35. Ng3 Qxf2 36. Nf5 Kh7 37. Ne7 Nxd4 38. Qxd4 Qxd4 39. Nxd4 Nd3 40. Nb3 Ne5 41. Kg3 g5 42. Nf5 Kg6 43. Nfd4 h5 44. gxh5+ Kxh5 45. Na5 Nd7 46. Nb7 Ne5 47. Nd8 Nd7 48. Nb7 Ne5 49. Kh3 g4+ 50. Kg3 Kg5 51. Nd8 Nd3 52. Nxf7+ Kf6 53. Nh6 Nxc5 54. Nxg4+ Kg5 55. Nf3+ Kf5 56. Nd4+ Ke4 57. Nxc6 d4 58. Nf6+ Ke3 59. Nd5+ Ke4 60. Nf6+ Ke3 61. Kg4 d3 62. Nd5+ Kf2 63. Kh3 d2 64. Nc3 Ke3 65. Nb4 Ne4 66. Nbd5+ Kd4 67. Nd1 Kxd5 68. g4 b4 69. Kg2 0-1

[Event "Bresso op 3rd"]
[Site "Bresso"]
[Date "2003.06.07"]
[Round "3"]
[White "De Santis, Alessio"]
[Black "Montani, Francesco"]
[Result "1-0"]
[WhiteElo "2283"]
[BlackElo "2219"]
[PlyCount "79"]
[EventDate "2003.06.05"]
[EventType "swiss"]
[EventRounds "6"]
[EventCountry "ITA"]
[SourceTitle "EXT 2024"]
[Source "ChessBase"]
[SourceDate "2023.10.10"]
[SourceVersion "1"]
[SourceVersionDate "2023.10.10"]
[SourceQuality "1"]

1. d4 c5 2. d5 g6 3. c4 Bg7 4. e4 d6 5. Nc3 Nf6 6. Bg5 h6 7. Bf4 b5 8. cxb5 a6 9. f3 Qa5 10. Qd2 Bd7 11. bxa6 Nxa6 12. Bxa6 Rxa6 13. Nge2 h5 14. 0-0 0-0 15. Bh6 Rb8 16. Bxg7 Kxg7 17. Rfd1 Qb4 18. Rab1 e5 19. dxe6 Bxe6 20. a3 Qa5 21. Qg5 Rab6 22. Rd2 Nh7 23. Qf4 Qa6 24. h4 Nf6 25. Ng3 Qc4 26. Qg5 Nh7 27. Qe3 Rb3 28. Nge2 Nf6 29. Qg5 R8b6 30. a4 Qa6 31. e5 dxe5 32. Qxe5 Bf5 33. Rbd1 Re6 34. Qxc5 Rc6 35. Qf2 Rb4 36. Nd4 Rc5 37. Ne6+ Bxe6 38. Qxc5 Rxh4 39. Rd4 Rxd4 40. Qxd4 1-0

[Event "Bresso op 3rd"]
[Site "Bresso"]
[Date "2003.06.06"]
[Round "2"]
[White "Montani, Francesco"]
[Black "Dragojlovic, Andjelko"]
[Result "1/2-1/2"]
[WhiteElo "2219"]
[BlackElo "2335"]
[PlyCount "120"]
[EventDate "2003.06.05"]
[EventType "swiss"]
[EventRounds "6"]
[EventCountry "ITA"]
[SourceTitle "EXT 2024"]
[Source "ChessBase"]
[SourceDate "2023.10.10"]
[SourceVersion "1"]
[SourceVersionDate "2023.10.10"]
[SourceQuality "1"]

1. d4 Nf6 2. Nf3 g6 3. Bg5 Bg7 4. Nbd2 0-0 5. c3 d5 6. e3 Nbd7 7. Bd3 c5 8. 0-0 Re8 9. Re1 e5 10. dxe5 Nxe5 11. Nxe5 Rxe5 12. f4 Re8 13. e4 Qb6 14. Qb3 Be6 15. Bxf6 Bxf6 16. exd5 Qxb3 17. Nxb3 Bxd5 18. Nxc5 Rxe1+ 19. Rxe1 Bxa2 20. Nxb7 Rb8 21. Be4 Re8 22. Kf2 Re6 23. Bf3 Rb6 24. Re2 Bc4 25. Rd2 Be6 26. Nc5 a5 27. g3 Be7 28. Nxe6 fxe6 29. Bd1 Rd6 30. Rxd6 Bxd6 31. Bb3 Kf7 32. Ke3 Bc5+ 33. Ke4 Bg1 34. h3 Ke7 35. g4 Kd6 36. g5 Bf2 37. Bc4 Bc5 38. Bb5 Ke7 39. Bd3 Kd6 40. h4 Bf2 41. h5 gxh5 42. Kf3 Be1 43. Bxh7 Ke7 44. Bd3 Bd2 45. Ke4 h4 46. Bf1 Bc1 47. b3 Bd2 48. c4 Kd6 49. Bh3 Bc1 50. Kf3 Ke7 51. Kg4 Be3 52. Kxh4 Bxf4 53. Bg2 Kd6 54. g6 Bh6 55. Be4 Kc5 56. Kh5 Bg7 57. Kg5 Kb4 58. Kf4 a4 59. bxa4 Kxa4 60. Bd5 e5+ 1/2-1/2

[Event "Crema op 03rd"]
[Site "Crema"]
[Date "2001.09.09"]
[Round "5"]
[White "Bonazzi, Edoardo"]
[Black "Montani, Francesco"]
[Result "1-0"]
[WhiteElo "2108"]
[BlackElo "2167"]
[PlyCount "81"]
[EventDate "2001.09.07"]
[EventType "swiss"]
[EventRounds "6"]
[EventCountry "ITA"]
[SourceTitle "EXT 2007"]
[Source "ChessBase"]
[SourceDate "2006.11.23"]
[SourceVersion "1"]
[SourceVersionDate "2006.11.23"]
[SourceQuality "1"]

1. c4 f5 2. g3 Nf6 3. Bg2 g6 4. Nc3 Bg7 5. d3 e5 6. e4 d6 7. Nge2 0-0 8. 0-0 Nc6 9. h3 Be6 10. Nd5 Qd7 11. Kh2 Nd8 12. Be3 c6 13. Nxf6+ Bxf6 14. Rc1 d5 15. f4 fxe4 16. dxe4 dxc4 17. Qxd7 Bxd7 18. Rcd1 Be6 19. f5 gxf5 20. exf5 Bc8 21. Nc3 Nf7 22. Ne4 Be7 23. Rf2 Rd8 24. Rxd8+ Bxd8 25. g4 h6 26. Rc2 b5 27. Nc5 Bb6 28. Bxc6 Rb8 29. b3 Kg7 30. bxc4 b4 31. Kg2 Bxc5 32. Bxc5 Bb7 33. Bxb7 Rxb7 34. Be3 a5 35. c5 Nd8 36. Kf3 a4 37. Ke4 b3 38. axb3 axb3 39. Rb2 Nc6 40. Kd5 Na5 41. c6 1-0

[Event "Crema op 03rd"]
[Site "Crema"]
[Date "2001.09.07"]
[Round "1"]
[White "Montani, Francesco"]
[Black "Cortese, Davide"]
[Result "1-0"]
[WhiteElo "2167"]
[BlackElo "1527"]
[PlyCount "33"]
[EventDate "2001.09.07"]
[EventType "swiss"]
[EventRounds "6"]
[EventCountry "ITA"]
[SourceTitle "EXT 2007"]
[Source "ChessBase"]
[SourceDate "2006.11.23"]
[SourceVersion "1"]
[SourceVersionDate "2006.11.23"]
[SourceQuality "1"]

1. e4 c5 2. Nf3 e6 3. d3 Qc7 4. g3 Nc6 5. Bg2 Nf6 6. 0-0 a6 7. Nc3 Be7 8. h3 b5 9. e5 Nd5 10. Nxd5 exd5 11. Bf4 d6 12. exd6 Bxd6 13. Re1+ Be6 14. Ng5 Ne5 15. Nxe6 fxe6 16. Bxe5 Bxe5 17. Qh5+ 1-0

[Event "Crema op 03rd"]
[Site "Crema"]
[Date "2001.09.07"]
[Round "2"]
[White "Poretti, Ennio"]
[Black "Montani, Francesco"]
[Result "0-1"]
[WhiteElo "1671"]
[BlackElo "2167"]
[PlyCount "58"]
[EventDate "2001.09.07"]
[EventType "swiss"]
[EventRounds "6"]
[EventCountry "ITA"]
[SourceTitle "EXT 2007"]
[Source "ChessBase"]
[SourceDate "2006.11.23"]
[SourceVersion "1"]
[SourceVersionDate "2006.11.23"]
[SourceQuality "1"]

1. e4 Nf6 2. e5 Nd5 3. d4 d6 4. c4 Nb6 5. f4 dxe5 6. fxe5 Nc6 7. Be3 Bf5 8. Nf3 e6 9. Bd3 Bg4 10. 0-0 Be7 11. Nc3 f5 12. exf6 Bxf6 13. d5 Ne5 14. Be2 Nxf3+ 15. Bxf3 Bxf3 16. Rxf3 0-0 17. Rh3 exd5 18. Qh5 h6 19. Bxh6 Qe8 20. Qg4 Qd7 21. Qg3 Nxc4 22. Bf4 Qf5 23. Ne2 Rae8 24. Qf3 Rxe2 25. Qxe2 Bd4+ 26. Be3 Nxe3 27. Rxe3 Qf4 28. Re1 Re8 29. Qf2 Rxe3 0-1